| 000 | 01035nam a2200229Ia 4500 | ||
|---|---|---|---|
| 003 | Ost | ||
| 005 | 20260507075631.0 | ||
| 008 | 260507s9999||||xx |||||||||||||| ||und|| | ||
| 020 | _a8148514977 | ||
| 040 | _cfsecg | ||
| 041 | _aara | ||
| 082 | _a330.956 | ||
| 100 |
_aياسين، السيد _eمؤلف |
||
| 245 | 0 |
_aالمعلوماتية وحضارة العولمة : _bرؤية تقديرية عربية / _c السيد ياسين |
|
| 260 |
_aالقاهرة: _bدار النهظة للطباعة والنشر, _c2001 |
||
| 300 |
_a297 صفحة؛ _c24 سم |
||
| 520 | _aتجد في هذا الكتاب : ثورة المعلوماتية ،العرب على مشارف الألفية الثالثة ، النقد والنقد الذاتي ،المستقبليات والشباب العلمي ،العرب وتحديات مجتمع المعرفة،التقدم والإبداع الحضاري | ||
| 653 | _aالعلاقات الدولية | ||
| 653 | _aالعولمة | ||
| 653 | _aالمعلومات | ||
| 942 | _cكتاب | ||
| 999 |
_c45204 _d45204 |
||